=LDR 00000nam 2200000 4500 =001 INLIS000000000012852 =005 20130612104331 =008 ***********************************Ind** =035 ##$$0010-061300000012852 =041 ##$$a Ind =082 ##$$a 303.64 =090 ##$$a 303.64, Lut k =100 ##$$a Luttwak, Qdward =245 ##$$a Kedesa, Teori dari praktek penggulingan kekuasaan, Edward Luttwak =260 ##$$a 1999 $b Yogyakarta =300 ##$$a xx, 296 hlm., 21 cm =650 ##$$a Kudeta =850 ##$$a NBPNMAT